00449nam a2200133Ia 4500008004100000020001400041040004400055100001900099245007300118260004600191300003600237500002500273999001700298180412s9999||||xx |||||||||||||| ||und|| a442261438 aAhmadu Bello University Library - Zaria aMcCreight, Tim 0aMetalworking for jewlry: tools, materials, techniquescTim McCreight aNew YorkbVan Nostrand Reinhold Co.c1979 a160p., 2 leaves of plates: ill. aBibliography: p. 155 c29399d29399